[Event "GER North-ch Seniors 7th"]
[Site "Bad Bevensen"]
[Date "2004.06.21"]
[Round "3"]
[White "Droschielow, Alexander"]
[Black "Koepcke, Hans Peter"]
[Result "1-0"]
[WhiteElo "2010"]
[BlackElo "2100"]
[PlyCount "71"]
[EventDate "2004.06.19"]
[EventType "swiss"]
[EventRounds "9"]
[EventCountry "GER"]
[SourceTitle "EXT 2006"]
[Source "ChessBase"]
[SourceDate "2005.11.24"]
[SourceVersion "1"]
[SourceVersionDate "2005.11.24"]
[SourceQuality "1"]

1. d4 d5 2. Nf3 Nf6 3. Nc3 e6 4. Bg5 Be7 5. e3 Nbd7 6. Bd3 c5 7. 0-0 c4 8. Be2 a6 9. a4 b6 10. Ne5 Nxe5 11. dxe5 Nd7 12. Bxe7 Qxe7 13. Qd4 Bb7 14. f4 f5 15. exf6 Qxf6 16. Rad1 Qxd4 17. exd4 Nf6 18. Bf3 Kd7 19. Rde1 Kd6 20. g4 g6 21. Re5 Nd7 22. Re3 Rhf8 23. Bg2 Rf7 24. g5 Nf8 25. a5 b5 26. Na2 Nd7 27. Bh3 Re8 28. Kg2 h6 29. Rfe1 Nf8 30. gxh6 Rh7 31. Kg3 Rxh6 32. Nb4 Re7 33. Bg4 Rhh7 34. Re5 Bc8 35. Nxd5 Bb7 36. Nxe7 1-0